Países Mais Próximos do Brasil - 30 segundos corrida - Statistics

Estatísticas Gerais
  • Esse quiz foi jogado 147 vezes
  • A pontuação média é 11 de 20
Estatísticas das Respostas
km país % Correto
0 Argentina
97%
0 Uruguai
92%
713 Chile
88%
0 Paraguai
88%
0 Bolívia
83%
0 Peru
79%
489 Equador
78%
0 Venezuela
78%
0 Suriname
75%
0 Colômbia
74%
0 Guiana
74%
0 França
51%
1067 Panamá
44%
542 Trinidad e Tobago
25%
762 Granada
9%
1318 Antígua e Barbuda
7%
948 Santa Lúcia
6%
868 Barbados
3%
1117 Dominica
3%
826 São Vicente e Granadinas
3%
Nenhum quiz correspondente encontrado
Distribuição das Pontuações
Porcentagem de Pessoas com Cada Pontuação
Percentil de Números Respondidos
Sua Pontuação Histórica
Você não jogou esse quiz